| 000 | 00735nam a2200253Ia 4500 | ||
|---|---|---|---|
| 003 | GCL | ||
| 008 | 140319s9999 xx 000 0 ara d | ||
| 020 | _a6013209977 | ||
| 040 |
_aGCL / _cGCL |
||
| 082 | 0 | 4 |
_aق _b323.11 _bق ى |
| 100 | 1 | _aقاسم عبده قاسم | |
| 245 | 1 | 0 |
_aاليهود فى مصر / _cقاسم عبده قاسم |
| 260 |
_aالقاهرة : _bدار الشروق ، _c1993 |
||
| 300 |
_a189 ص ؛ _c20 سم |
||
| 490 | _a | ||
| 650 | 0 | 4 | _aمصر |
| 650 | 0 | 4 | _aتاريخ |
| 650 | 0 | 4 | _aالاحوال الاجتماعية |
| 650 | 0 | 4 | _aاليهود فى مصر |
| 650 | 0 | 4 | _aالاحوال الاقتصادية |
| 650 | 0 | 4 | _aالاقليات |
| 650 | 0 | 4 | _aالاحتفالات |
| 942 |
_2ddc _cBK |
||
| 999 |
_c31077 _d31077 |
||